| 000 | 01125nam0a22002771 4500 | ||
|---|---|---|---|
| 001 | v19\rc\1692331 | ||
| 005 | 20250619024104.0 | ||
| 035 | _a(NLR Aleph) 004795922 | ||
| 090 |
_a4778291 _c4778291 |
||
| 100 | _a20061002d1897 |||y0rusy50 ca | ||
| 101 | 0 | _arus | |
| 102 | _aRU | ||
| 105 | _ay z ||||| | ||
| 200 | 1 |
_aПрактическое руководство к ведению счетоводства и отчетности по казенной продаже питей _fСост. С.В. Костючин, гл. счетовод при Ковен. губ. акциз. упр. по формам, утв. министром финансов 4 апр. 1896 г. |
|
| 205 | _aНеофиц. изд. | ||
| 210 |
_aКовна _cтип. Г.И. Задворянского _d1897 |
||
| 215 |
_a513 с. разд. паг. _d26 |
||
| 700 | 1 |
_aКостючин _bС.В. _f1860- _gСтепан Васильевич _4220 |
|
| 801 | 0 |
_aRU _bNLR _gpsbo |
|
| 801 | 0 |
_aRU _bRuMoRGB _2psbo |
|
| 801 | 1 |
_aRU _bProSoft-M _2rusmarc |
|
| 852 |
_aNLR _j38.72.7.34 |
||
| 899 |
_aRuMoRGB _jA 245/73 |
||
| 899 | _aБАН | ||
| 942 | _cBOOK | ||
| 980 | _aNB | ||